| 000 | 00912nam a2200325 a 4500 | ||
|---|---|---|---|
| 001 | 33301 | ||
| 003 | AR-BaAGN | ||
| 005 | 20231207062539.0 | ||
| 007 | ta | ||
| 008 | 220625s1981 ag |||||r|||| ||||||spa d | ||
| 040 |
_dAR-BaAGN _aAR-BaAGN _bspa _eaacr |
||
| 100 | 1 | _aMariluz Urquijo, José M. | |
| 245 | 1 | 0 |
_aBilbao y Buenos Aires : _bproyectos dieciochescos de compañías de comercio |
| 250 | _a1ª ed. | ||
| 260 |
_aBuenos Aires : _bUniversidad de Buenos Aires, _c1981. |
||
| 300 | _a157 páginas | ||
| 336 |
_2rdacontent _btxt |
||
| 337 |
_2rdamedia _bn |
||
| 338 |
_2rdacarrier _bnc |
||
| 490 | 0 |
_aIV centenario de Buenos Aires ; _v3 |
|
| 650 | 4 |
_aDERECHO COMERCIAL _92211 |
|
| 650 | 4 |
_aECONOMÍA _91656 |
|
| 651 | 4 |
_aAmérica _9641 |
|
| 651 | 4 |
_aBilbao (España) _94033 |
|
| 651 | 4 |
_aBuenos Aires _94086 |
|
| 651 | 4 |
_aEspaña _93628 |
|
| 942 | _cLIBRO | ||
| 999 |
_c33301 _d33301 |
||